000 00798nam a2200217 a 4500
001 000002643
005 20240412074200.0
008 090703s2009 dr a r 000 p spa d
020 _a9789945863994
040 _aDO-SdBNP
_bspa
_cBNPHU
082 _aRD861.44
_bD542me
100 1 _aDíaz, Arsenio
_98335
245 1 0 _aMetáforas para cada instante /
_cArsenio Díaz.
260 _aPuerto Plata, República Dominicana :
_bEdiciones Renovación :
_bSociedad Cultural Renovación,
_c2009.
300 _a88 p. :
_bil. ;
_c22 cm.
586 _aPremio de poesías "Emilio Prud'Homme" 2008. Concurso Literario "Por nuestro país primero".
590 _aInventariado, 2018/BT
650 0 _aPoesía dominicana
_966
650 0 _aLiteratura dominicana.
_967
910 _aValidado. Control de calidad. MMOLINA
999 _c2479
_d2479